00613nam a2200193Ia 450000500170000000800410001702000250005804000190008304100120010208200180011424500750013226000430020730000090025065000190025985000110027894200070028999900170029695201060031320240405152651.0131103s9999 xx 000 0 und d a81 230 0659 4cRs30 aLoreto College aEnglish a330.954 bIND aIndiab Government and Economic Life in Ancient and Medieval Periods  aNew DeihibPublications Divisionc2000 a95p  aSocial Science aLCBED  cBK c27060d77539 00102ddc4070aMAINbMAINd2013-11-04l0o330.954 IND 13284pB29903r2013-11-04w2013-11-04yBKf